Complex Variables (Record no. 63344)
[ view plain ]
| 000 -LEADER | |
|---|---|
| fixed length control field | 00644nam a2200217Ia 4500 |
| 001 - CONTROL NUMBER | |
| control field | 62237 |
| 008 - FIXED-LENGTH DATA ELEMENTS--GENERAL INFORMATION | |
| fixed length control field | 171025n2010 ii |||gr||||Z||||||465 |
| 020 ## - INTERNATIONAL STANDARD BOOK NUMBER | |
| International Standard Book Number | 9780070085381 |
| 041 ## - LANGUAGE CODE | |
| Language code of text/sound track or separate title | 465 |
| 082 ## - DEWEY DECIMAL CLASSIFICATION NUMBER | |
| Classification number | 515.9 |
| 100 ## - MAIN ENTRY--PERSONAL NAME | |
| Personal name | Spiegel, Murray, |
| Relator term | Author. |
| 245 #0 - TITLE STATEMENT | |
| Title | Complex Variables |
| Statement of responsibility, etc. | By Murray Spiegel, Seymour Lipschutz & Others |
| Medium | Textual Documents |
| 250 ## - EDITION STATEMENT | |
| Edition statement | 2nd ed. |
| 260 ## - PUBLICATION, DISTRIBUTION, ETC. | |
| Place of publication, distribution, etc. | New Delhi |
| Name of publisher, distributor, etc. | McGraw Hill Education (India) Private Limited |
| Date of publication, distribution, etc. | 2010 |
| 300 ## - PHYSICAL DESCRIPTION | |
| Extent | pg 10.51: |
| Dimensions | 21cm. |
| 653 ## - INDEX TERM--UNCONTROLLED | |
| Uncontrolled term | Mathematics |
| 653 ## - INDEX TERM--UNCONTROLLED | |
| Uncontrolled term | G- Statistics |
| 653 ## - INDEX TERM--UNCONTROLLED | |
| Uncontrolled term | Complex Variables |
| 700 ## - ADDED ENTRY--PERSONAL NAME | |
| Personal name | Lipschutz, Seymour & Others, |
| Relator term | Author. |
| 942 ## - ADDED ENTRY ELEMENTS (KOHA) | |
| Source of classification or shelving scheme | Dewey Decimal Classification |
| Koha item type | Books |
| Withdrawn status | Lost status | Damaged status | Not for loan | Collection | Home library | Current library | Shelving location | Date acquired | Coded location qualifier | Total checkouts | Total renewals | Full call number | Barcode | Date due | Date last seen | Date last checked out | Copy number | Price effective from | Koha item type |
|---|---|---|---|---|---|---|---|---|---|---|---|---|---|---|---|---|---|---|---|
| Dr. Suryya Kumar Bhuyan Library | Dr. Suryya Kumar Bhuyan Library | 19/07/2017 | 00000 | 1 | 1 | 515.9 Sp 41 Co | 518/RUSA | 06/05/2026 | 16/03/2026 | 16/03/2026 | 2 | 19/07/2017 | Books | ||||||
| Dr. Suryya Kumar Bhuyan Library | Dr. Suryya Kumar Bhuyan Library | 19/07/2017 | 00000 | 515.9 Sp 41 Co | 517/RUSA | 14/01/2024 | 1 | 19/07/2017 | Books |
